000
00238 a2200109 4500
020
_a
9789354978555
100
_a
Sanjay Kumar
245
_a
Communication skills
250
_a
3rd
260
_b
Oxford University Press
_c
2025
942
_c
OO
999
_c
116027
_d
116026